|
|
|
|
| LEADER |
01073nam a2200241 a 4500 |
| 001 |
2558416 |
| 008 |
100705s1994 bs a b 000 0 eng d |
| 010 |
|
|
|a 94982381
|
| 040 |
|
|
|a DLC
|c DLC
|d BD-DhAAL
|
| 082 |
0 |
0 |
|a 631.5/8/0720676
|2 20
|
| 245 |
0 |
0 |
|a Farming systems research approach :
|b a primer for eastern and southern Africa /
|c D.W. Norman ... [et al.].
|
| 260 |
|
|
|a Gaborone, Botswana :
|b Farming Systems Programme,
|c 1994.
|
| 300 |
|
|
|a xi, 148 p. :
|b ill. ;
|c 30 cm.
|
| 504 |
|
|
|a Includes bibliographical references (p. 136-142).
|
| 541 |
1 |
|
|e 00011544
|
| 650 |
|
0 |
|a Agricultural systems
|x Research
|z Africa, Eastern.
|
| 650 |
|
0 |
|a Agricultural systems
|x Research
|z Africa, Eastern.
|
| 650 |
|
0 |
|a Agricultural systems
|x Research
|z Botswana.
|
| 700 |
1 |
|
|a Norman, D. W.
|q (David W.)
|
| 710 |
2 |
|
|a Farming Systems Programme (Botswana)
|
| 852 |
4 |
|
|a Ayesha Abed Library
|j General shelf
|
| 999 |
|
|
|c 9176
|d 9176
|
| 952 |
|
|
|0 0
|1 0
|2 ddc
|4 0
|6 631_580720676000000_FAR_1994
|7 0
|9 11551
|a BRACUL
|b BRACUL
|c GEN
|d 2010-07-05
|l 1
|m 5
|o 631.580720676 FAR
|p 3010011544
|r 2022-12-22
|s 2022-11-30
|t 1
|w 2010-07-05
|y BK
|